00928nam a22002777a 45000010005000000030006000050050017000110080041000280200018000690400029000870500016001160820008001321000026001402450077001662500041002432600034002843000045003184900012003635050007003755200122003825210018005045210018005226500035005406500039005757000036006146514FISKH20250507124830.0250507b cb ||||| |||| 00| 0 eng d a9780439099073 aFISKHbengcFISKHdFISKH aPZ7.H4315 S a464 aHerman, Gaild(1959-) aSlip! slide! skate! /cBy Gail Herman ; Illustrated by Paige Billin-Frye aThis edition first published in 1999 aNew York :bScholastic,c1999 a29 pages :bcolor illustrations ;c23 cm vLevel 2 aG  aA young girl who wants to be the best ice skater in the whole class learns that it is just as important to have fun. 8 a390 bLexile 8 aG bRaz-Plus  2Cause and effectaEarly reader 2Beginning readeraSeasons - Winter aBillin-Frye, Paigedillustrator